| 000 | 00419nam a22001697a 4500 | ||
|---|---|---|---|
| 005 | 20180810115607.0 | ||
| 008 | 160622b xxu||||| |||| 00| 0 eng d | ||
| 020 | _a81-86314-65-2 | ||
| 041 | _aeng | ||
| 082 |
_b9157 _a658.3 |
||
| 100 |
_aANANDARAM, DR.K.S _94757 |
||
| 245 | _aPersonal Mgt. Industrial Relations and Trade union | ||
| 260 |
_bEPH _c1997 |
||
| 300 | _a269p, | ||
| 650 |
_aManagement _9241 |
||
| 942 | _cBK | ||
| 999 |
_c3525 _d3524 |
||